Monivalintavisa - Ranska - Statistics

Yleistilastot
  • Tätä visaa on pelattu 508 kertaa
  • Keskiarvotulos 8 / 15
Vastaustilastot
Kysymys Vastaus % Oikein
Onko Ranskalla alueita Etelä-Amerikan mantereella? Kyllä
88%
Mikä seuraavista EI ole Ranskan naapurimaa? Itävalta
79%
Kuinka monta asukasta Ranskassa suunnilleen on? 68 miljoonaa
77%
Mikä on Ranskan ulkopuolella syntyneiden ranskalaisten yleisin syntymämaa? Algeria
70%
Mikä seuraavista kaupungeista EI sijaitse Välimeren rannalla? Nantes
66%
Minä päivänä Ranskan kansallispäivää vietetään? 14. heinäkuuta
60%
Kuka seuraavista EI ole koskaan ollut Ranskan presidentti? Louis Lumière
59%
Kuinka monta kertaa Ranska on voittanut jalkapallon miesten MM-kilpailut? Kaksi kertaa
57%
Mikä seuraavista EI koskaan ollut Ranskan siirtomaa? Kenia
53%
Kuinka suuri osuus Ranskan sähköstä tuotetaan ydinvoimalla (pyöristettynä)? 70 %
44%
Mikä on manner-Ranskan läntisin alue? Bretagne
43%
Mikä Ranskan historian rauhallinen ajanjakso kesti vuodesta 1871 vuoteen 1914 asti? La Belle Époque
40%
Minkä näistä Louis Daguerre keksi? Valokuvaamisen
40%
Kenet lasketaan yleisesti Ranskan ensimmäiseksi kuninkaaksi? Klodvig I
30%
Mistä Denis Diderot tunnetaan parhaiten? Tietosanakirjan toimittamisesta
20%
Ehtoja vastaavia visoja ei löytynyt
Tulosjakauma
Jokaisen tuloksen saaneiden osuus
Persentiili vastausten määrän mukaan
Tuloshistoriasi
Et ole pelannut tätä visaa